000
00274nam a2200121Ia 4500
008
220216s9999 xx 000 0 und d
100
_a
Thomas V
245
0
_a
Baisan valiyil faciyesahn
260
_b
Rubber
_c
2007
300
_a
39
700
_a
Thomas Rajeev M
942
_c
JS
999
_c
54643
_d
54643